| 000 | 00633nam a22002057a 4500 | ||
|---|---|---|---|
| 999 |
_c7670 _d7670 |
||
| 003 | AR-CdUCM | ||
| 008 | 190321b ||||| |||| 00| 0 spa d | ||
| 040 |
_aMUNICIPALIDAD PROVINCIAL DEL CUSCO _cBIBLIOTECA MUNICIPAL DEL CUSCO |
||
| 082 |
_a828.87 / _bW56 |
||
| 100 |
_aWilde, Oscar _91401 |
||
| 245 |
_aSalomé : _bLa Duquesa de Padua / |
||
| 260 |
_aBuenos Aires : _bTor, _c1942. |
||
| 300 |
_a190 páginas ; _c18 cm. |
||
| 650 |
_aCuentos ingleses _93018 |
||
| 650 |
_aPoesías inglesas _921664 |
||
| 650 |
_aSiglo XIX _9971 |
||
| 700 |
_aLabrousse, Pedro E. F. (verción española) _921665 |
||
| 942 |
_2ddc _cLIBROS |
||
| 945 | _azta | ||